<?xml version="1.0" encoding="UTF-8"?>
<record
    xmlns:xsi="http://www.w3.org/2001/XMLSchema-instance"
    xsi:schemaLocation="http://www.loc.gov/MARC21/slim http://www.loc.gov/standards/marcxml/schema/MARC21slim.xsd"
    xmlns="http://www.loc.gov/MARC21/slim">

  <leader>00752nam a22001817a 4500</leader>
  <controlfield tag="003">UA-OsUOA</controlfield>
  <controlfield tag="001"> 9791 </controlfield>
  <controlfield tag="007">ta</controlfield>
  <controlfield tag="008">20041129b un ||||| |||| 00| 0 ukr d</controlfield>
  <datafield tag="100" ind1=" " ind2=" ">
    <subfield code="a">&#x411;&#x430;&#x441;&#x430;&#x440;&#x430;&#x431;&#x430; &#x412;.</subfield>
  </datafield>
  <datafield tag="942" ind1=" " ind2=" ">
    <subfield code="c">SA</subfield>
  </datafield>
  <datafield tag="040" ind1=" " ind2=" ">
    <subfield code="a">UA-OsUOA</subfield>
    <subfield code="c">UA-OsUOA</subfield>
    <subfield code="d">UA-OsUOA</subfield>
  </datafield>
  <datafield tag="245" ind1=" " ind2=" ">
    <subfield code="a">&#x414;&#x43E;&#x431;&#x440;&#x430; &#x433;&#x43E;&#x441;&#x43F;&#x43E;&#x434;&#x43D;&#x456;&#x439; &#x434;&#x430;&#x440;: &#x406; &#x432; &#x417;&#x43D;&#x43E;&#x441;&#x438;&#x447;&#x430;&#x445;, &#x456; &#x432; &#x422;&#x438;&#x43D;&#x43D;&#x43E;&#x43C;&#x443; &#x433;&#x43E;&#x441;&#x43F;&#x43E;&#x434;&#x430;&#x440;&#x44E;&#x44E;&#x442;&#x44C; &#x43F;&#x43E;-&#x441;&#x43F;&#x440;&#x430;&#x432;&#x436;&#x43D;&#x44C;&#x43E;&#x43C;&#x443;. &#x422;&#x43E;&#x43C;&#x443; &#x439; &#x437;&#x434;&#x43E;&#x431;&#x443;&#x442;&#x43A;&#x438; &#x442;&#x443;&#x442; - &#x43D;&#x430;&#x439;&#x43A;&#x440;&#x430;&#x449;&#x456; &#x432; &#x421;&#x430;&#x440;&#x43D;&#x435;&#x43D;. &#x440;-&#x43D;&#x456;</subfield>
    <subfield code="b">[&#x41F;&#x440;&#x43E; &#x441;.-&#x433;. &#x43F;-&#x432;&#x430; "&#x41C;&#x430;&#x44F;&#x43A;" &#x442;&#x430; "&#x421;&#x43B;&#x443;&#x447;", &#x449;&#x43E; &#x43D;&#x430; &#x421;&#x430;&#x440;&#x43D;&#x435;&#x43D;&#x449;&#x438;&#x43D;&#x456;]</subfield>
  </datafield>
  <datafield tag="300" ind1=" " ind2=" ">
    <subfield code="a">&#x421;.4</subfield>
  </datafield>
  <datafield tag="955" ind1=" " ind2=" ">
    <subfield code="a">0</subfield>
  </datafield>
  <datafield tag="773" ind1="0" ind2=" ">
    <subfield code="w">0</subfield>
    <subfield code="t">&#x412;&#x456;&#x43B;&#x44C;&#x43D;&#x435; &#x441;&#x43B;&#x43E;&#x432;&#x43E;</subfield>
    <subfield code="d">&#x420;&#x456;&#x432;&#x43D;&#x435;</subfield>
    <subfield code="d">2004</subfield>
    <subfield code="g">&#x2116;89/24 &#x43B;&#x438;&#x441;&#x442;&#x43E;&#x43F;./</subfield>
  </datafield>
  <datafield tag="650" ind1=" " ind2="7">
    <subfield code="a">&#x421;&#x430;&#x440;&#x43D;&#x438;</subfield>
    <subfield code="2">UDC</subfield>
  </datafield>
  <datafield tag="999" ind1=" " ind2=" ">
    <subfield code="c">295952</subfield>
    <subfield code="d">295952</subfield>
  </datafield>
</record>
